[Event "Erfurt op Amateurs 28th"]
[Site "Erfurt"]
[Date "2018.12.27"]
[Round "2"]
[White "Peters, Soeren"]
[Black "Elert, Eric"]
[Result "1-0"]
[WhiteElo "1534"]
[BlackElo "1462"]
[PlyCount "51"]
[EventDate "2018.12.27"]
[EventType "swiss"]
[EventRounds "7"]
[EventCountry "GER"]
[SourceTitle "EXT 2021"]
[Source "ChessBase"]
[SourceDate "2020.10.23"]
[SourceVersion "1"]
[SourceVersionDate "2020.10.23"]
[SourceQuality "1"]

1. e4 e5 2. Nf3 Nf6 3. Bc4 b5 4. Bxb5 c6 5. Bc4 Nxe4 6. Nc3 Nxc3 7. dxc3 d5 8. Be2 Bd6 9. Be3 0-0 10. 0-0 h6 11. Qd2 Bg4 12. h3 Bxf3 13. Bxf3 Nd7 14. c4 d4 15. Bxc6 Qc7 16. Bxa8 dxe3 17. fxe3 Rxa8 18. Rad1 Qc5 19. Qxd6 Qxe3+ 20. Kh2 Nb6 21. c5 Nc4 22. Qd5 Rc8 23. Qxf7+ Kh8 24. Qxc4 Rxc5 25. Rf8+ Kh7 26. Qd3+ 1-0